000 00350nam a2200145Ia 4500
008 150201s2005 xx 000 0 und d
082 _a617.525
_bO2005P
100 _aPETERSON,LARRY J.
245 _aORAL & MAXILLOFACIAL SURGERY
250 _a4TH
260 _bMOSBY
_aDELHI
_c2005
300 _a1-776
650 _aORAL SURGERY
942 _2ddc
_cBK
_01
999 _c3466
_d3466